| 000 | 00345nam a22001457a 4500 | ||
|---|---|---|---|
| 999 |
_c8092 _d8092 |
||
| 003 | OSt | ||
| 005 | 20200706130936.0 | ||
| 008 | 200706b ||||| |||| 00| 0 eng d | ||
| 020 | _a9781847960566 | ||
| 082 |
_a724.6 _bGLA |
||
| 100 | _aGlancey, Jonathan | ||
| 245 | _aModern world architecture | ||
| 260 |
_aHong Kong _bGoodman _c2013 |
||
| 942 | _2ddc | ||